LIBRARY & INFORMATION CENTRE, KCAET, TAVANUR

ONLINE PUBLIC ACCESS CATALOGUE (OPAC)

Comparative Evaluation of Naturally Ventilated Polyhouse and Rainshelter on the Performance of Cowpea (Record no. 15539)

MARC details
000 -LEADER
fixed length control field 00543nam a22001457a 4500
003 - CONTROL NUMBER IDENTIFIER
control field OSt
008 - FIXED-LENGTH DATA ELEMENTS--GENERAL INFORMATION
fixed length control field 181103b ||||| |||| 00| 0 eng d
100 ## - MAIN ENTRY--AUTHOR NAME
Personal name AJAY GOKUL, A. J
245 ## - TITLE STATEMENT
Title Comparative Evaluation of Naturally Ventilated Polyhouse and Rainshelter on the Performance of Cowpea
260 ## - PUBLICATION, DISTRIBUTION, ETC. (IMPRINT)
Place of publication TAVANUR
Name of publisher DEPARTMENT OF LAND &WATER RESOURCES AND CONSERVATION ENGINEERING
Year of publication 2015
300 ## - PHYSICAL DESCRIPTION
Number of Pages 93
Accompanying material CD
700 ## - ADDED ENTRY--PERSONAL NAME
Personal name Dr. Abdul Hakkim, V. M (Guide)
856 ## - ELECTRONIC LOCATION AND ACCESS
Uniform Resource Identifier <a href="https://drive.google.com/open?id=1dUpGa7JeD8focwNGQfgYHWWFtV_Z6Gy-">https://drive.google.com/open?id=1dUpGa7JeD8focwNGQfgYHWWFtV_Z6Gy-</a>
942 ## - ADDED ENTRY ELEMENTS (KOHA)
Koha item type Theses
Holdings
Withdrawn status Lost status Damaged status Home library Current library Date acquired Accession Number Koha item type Public note
      KAUAET KAUAET 03/11/2018 T 313 Theses M.Tech Thesis
free website counter